000 00343nam a2200133Ia 4500
008 201121s9999 xx 000 0 und d
020 _a9788193779330
082 _a615.5
_bKUM-P
100 _aKUMAR SENTHIL .M
245 0 _aPRACTICAL MANUAL ON ADVANCED PHARMACEUTICS
260 _bCBS PUBLISERS & DISTRIBUTORS
300 _a338
942 _cBK
999 _c32355
_d32355